Principles of Heat Transfer, 3/e (Record no. 284948)
[ view plain ]
| 000 -LEADER | |
|---|---|
| fixed length control field | 00304 a2200133 4500 |
| 001 - CONTROL NUMBER | |
| control field | 49875 |
| 082 ## - DEWEY DECIMAL CLASSIFICATION NUMBER | |
| Classification number | 536.2KR |
| 090 ## - LOCALLY ASSIGNED LC-TYPE CALL NUMBER (OCLC); LOCAL CALL NUMBER (RLIN) | |
| -- | 32199 |
| -- | 32199 |
| 100 ## - MAIN ENTRY--PERSONAL NAME | |
| Personal name | Kreith, Frank |
| 245 ## - TITLE STATEMENT | |
| Title | Principles of Heat Transfer, 3/e |
| 250 ## - EDITION STATEMENT | |
| Edition statement | 3 |
| 260 ## - PUBLICATION, DISTRIBUTION, ETC. | |
| Place of publication, distribution, etc. | Newyord |
| Name of publisher, distributor, etc. | Harper |
| Date of publication, distribution, etc. | 1976 |
| 500 ## - GENERAL NOTE | |
| General note | BE textbook aerospace |
| 942 ## - ADDED ENTRY ELEMENTS (KOHA) | |
| Institution code [OBSOLETE] | NUST-CAE |
| Call number prefix | 536.2KR |
| Withdrawn status | Lost status | Damaged status | Not for loan | Collection code | Permanent Location | Current Location | Date acquired | Total Checkouts | Full call number | Barcode | Date last seen | Price effective from | Koha item type |
|---|---|---|---|---|---|---|---|---|---|---|---|---|---|
| College of Aeronautical Engineering (CAE) | College of Aeronautical Engineering (CAE) | 04/03/2017 | 536.2KR | CAE54062 | 04/05/2017 | 04/05/2017 | Book | ||||||
| College of Aeronautical Engineering (CAE) | College of Aeronautical Engineering (CAE) | 04/03/2017 | 536.2KR | CAE79539 | 04/05/2017 | 04/05/2017 | Book | ||||||
| College of Aeronautical Engineering (CAE) | College of Aeronautical Engineering (CAE) | 04/03/2017 | 536.2KR | CAE54067 | 04/05/2017 | 04/05/2017 | Book | ||||||
| College of Aeronautical Engineering (CAE) | College of Aeronautical Engineering (CAE) | 04/03/2017 | 536.2KR | CAE54066 | 04/05/2017 | 04/05/2017 | Book | ||||||
| College of Aeronautical Engineering (CAE) | College of Aeronautical Engineering (CAE) | 04/03/2017 | 536.2KR | CAE54063 | 04/05/2017 | 04/05/2017 | Book |
